<?xml version="1.0" encoding="UTF-8"?>
<collection xmlns="http://www.loc.gov/MARC21/slim">
 <record>
  <leader>03701nam a2200361 a 4500</leader>
  <controlfield tag="001">1/47446</controlfield>
  <controlfield tag="008">171004s2008    gr       b    00110 gre  </controlfield>
  <datafield tag="020" ind1=" " ind2=" ">
   <subfield code="a">9603330892</subfield>
  </datafield>
  <datafield tag="035" ind1=" " ind2=" ">
   <subfield code="l">50428</subfield>
  </datafield>
  <datafield tag="040" ind1=" " ind2=" ">
   <subfield code="a">GR-PeUP</subfield>
  </datafield>
  <datafield tag="082" ind1="0" ind2="0">
   <subfield code="a">371.395 ΜΑΤ</subfield>
  </datafield>
  <datafield tag="100" ind1="1" ind2=" ">
   <subfield code="a">Ματσαγγούρας, Ηλίας Γ.,</subfield>
   <subfield code="d">1946-</subfield>
  </datafield>
  <datafield tag="245" ind1="1" ind2="0">
   <subfield code="a">Ομαδοσυνεργατική διδασκαλία και μάθηση :</subfield>
   <subfield code="b">για το καθημερινό μάθημα και τα προγράμματα του ολοήμερου σχολείου, τα περιβαλλοντικά, τα πολιτιστικά και τα ευρωπαϊκής συνεργασίας /</subfield>
   <subfield code="c">Ηλίας Γ. Ματσαγγούρας ; επίμετρο Μαρία Τζάνη ; επιμέλεια δοκιμίων: Παύλος Χαραμής.</subfield>
  </datafield>
  <datafield tag="250" ind1=" " ind2=" ">
   <subfield code="a">3η έκδ. βελτιωμένη και επαυξημένη.</subfield>
  </datafield>
  <datafield tag="260" ind1="0" ind2=" ">
   <subfield code="a">Αθήνα :</subfield>
   <subfield code="b">Εκδόσεις Γρηγόρη,</subfield>
   <subfield code="c">2008.</subfield>
  </datafield>
  <datafield tag="300" ind1=" " ind2=" ">
   <subfield code="a">284 σ. :</subfield>
   <subfield code="b">εικ. ;</subfield>
   <subfield code="c">23 εκ.</subfield>
  </datafield>
  <datafield tag="500" ind1=" " ind2=" ">
   <subfield code="a">Περιεχόμενα: Ομαδοσυνεργατική διδασκαλία και μάθηση: Αρχές, πρακτικές και σπουδαιότητα. Το κίνημα της ομαδοσυνεργατικής διδασκαλίας και μάθησης: Θεωρητικο - ιστορική ανασκόπηση του κινήματος. Η συνεργατική ομάδα ως πλαίσιο μάθησης και ανάπτυξης: επιδράσεις στην ακαδημαϊκή μάθηση και την κοινωνικο - συναισθηματική ανάπτυξη. Η δυναμική της μαθητικής ομάδας: Προϋποθέσεις λειτουργικότητας της ομάδας. Ανάπτυξη συνεργατικών δεξιοτήτων: Διδασκαλία δεξιοτήτων επικοινωνίας και σενεργασίας. Ομαδοσυνεργατικά στοιχεία στη δασκαλοκεντρική διδασκαλία: Εταιρικές τεχνικές και ομαδικά σχήματα. Ολοκληρωμένη ομαδοσυνεργατική διδασκαλία: Προγραμματισμός, διεξαγωγή και αξιολόγηση. Σχέδια εργασίας μακράς διάρκειας: συνθετικές δημιουργικές εργασίες και προαιρετικά προγράμματα. Η ομαδοσυνεργατική διδασκαλία στην πράξη: εφαρμογές σε συγκεκριμένες διδακτικές ενότητες</subfield>
  </datafield>
  <datafield tag="504" ind1=" " ind2=" ">
   <subfield code="a">Περιέχει βιβλιογραφία και ευρετήριο.</subfield>
  </datafield>
  <datafield tag="650" ind1=" " ind2="4">
   <subfield code="a">Ομαδική εργασία στην εκπαίδευση.</subfield>
  </datafield>
  <datafield tag="650" ind1=" " ind2="4">
   <subfield code="a">Διδασκαλία.</subfield>
  </datafield>
  <datafield tag="650" ind1=" " ind2="4">
   <subfield code="a">Μελέτη, Μέθοδος της .</subfield>
  </datafield>
  <datafield tag="650" ind1=" " ind2="4">
   <subfield code="a">Group work in education.</subfield>
  </datafield>
  <datafield tag="650" ind1=" " ind2="4">
   <subfield code="a">Teaching.</subfield>
  </datafield>
  <datafield tag="650" ind1=" " ind2="4">
   <subfield code="a">Team learning approach in education.</subfield>
  </datafield>
  <datafield tag="650" ind1=" " ind2="4">
   <subfield code="a">Cooperativeness in children.</subfield>
  </datafield>
  <datafield tag="650" ind1=" " ind2="4">
   <subfield code="a">Εκπαίδευση</subfield>
   <subfield code="x">Διδασκαλία.</subfield>
  </datafield>
  <datafield tag="650" ind1=" " ind2="4">
   <subfield code="a">Project method in teaching.</subfield>
  </datafield>
  <datafield tag="700" ind1="1" ind2=" ">
   <subfield code="a">Τζανή, Μαρία.</subfield>
  </datafield>
  <datafield tag="700" ind1="1" ind2=" ">
   <subfield code="a">Χαραμής, Παύλος.</subfield>
  </datafield>
  <datafield tag="852" ind1=" " ind2=" ">
   <subfield code="a">INST</subfield>
   <subfield code="b">UNIPILB</subfield>
   <subfield code="c">MAIN</subfield>
   <subfield code="e">20171004</subfield>
   <subfield code="h">371.395 ΜΑΤ</subfield>
   <subfield code="p">00178358</subfield>
   <subfield code="q">00178358</subfield>
   <subfield code="t">LOAN</subfield>
   <subfield code="y">0</subfield>
   <subfield code="4">2</subfield>
  </datafield>
  <datafield tag="852" ind1=" " ind2=" ">
   <subfield code="a">INST</subfield>
   <subfield code="b">UNIPILB</subfield>
   <subfield code="c">MAIN</subfield>
   <subfield code="e">20171004</subfield>
   <subfield code="h">371.395 ΜΑΤ</subfield>
   <subfield code="p">00178359</subfield>
   <subfield code="q">00178359</subfield>
   <subfield code="t">LOAN</subfield>
   <subfield code="y">0</subfield>
   <subfield code="4">1</subfield>
  </datafield>
  <datafield tag="852" ind1=" " ind2=" ">
   <subfield code="a">INST</subfield>
   <subfield code="b">UNIPILB</subfield>
   <subfield code="c">MAIN</subfield>
   <subfield code="e">20210621</subfield>
   <subfield code="h">371.395 ΜΑΤ</subfield>
   <subfield code="p">00178360</subfield>
   <subfield code="q">00178360</subfield>
   <subfield code="t">LOAN</subfield>
   <subfield code="y">0</subfield>
   <subfield code="4">3</subfield>
  </datafield>
  <datafield tag="960" ind1=" " ind2=" ">
   <subfield code="a">ELI 2</subfield>
  </datafield>
 </record>
</collection>
